000 01020nam0a22002531 4500
001 rc\634605
005 20260407101055.0
035 _a(NLR Aleph) 005876529
090 _a6033637
_c6033637
100 _a20031121d1986 |||y0rusy50 ca
101 0 _arus
102 _aRU
105 _aa |||||||||
200 1 _aМикроциркуляторное русло в норме и эксперименте
_eСб. науч. тр.
_fБашк. гос. мед. ин-т XV-летия ВЛКСМ
_gПод ред. А.Г. Габбасова, В.Ш. Вагаповой
210 _aУфа
_cБГМИ
_d1986
215 _a136 с.
_cил.
_d20
320 _aБиблиогр. в конце ст.
702 1 _aГаббасов
_bА.Г.
_gАхнаф Габбасович
_4340
712 0 2 _aБашкирский медицинский институт им. 15-летия ВЛКСМ
_cУфа
_3RU\NLR\AUTH\889928086
_9351804
801 0 _aRU
_bNLR
_gpsbo
801 1 _aRU
_bELAR
_2rusmarc
852 _aNLR
_j87-3/1520
942 _cBOOK
980 _aNB